000 00452pab a2200169 454500
008 180718b2007 xxu||||| |||| 00| 0 eng d
100 _aDoyle, Richard B.
245 _aThe US national security strategy: policy, process, problems
260 _c2007
300 _ap.624-29.
362 _aJul-Aug
650 _aState security - United States
650 _aState security
773 _aPublic Administration Review
908 _aN
909 _a77742
999 _c77742
_d77742